|
|
|
|
| LEADER |
00000nab a2200000 a 4500 |
| 001 |
vtls000201928 |
| 003 |
SK-MaSNL |
| 005 |
20260303194118.0 |
| 008 |
040806c1984 xo 0 slo |
| 015 |
|
|
|a SNBRB19rr/mm-uuuuu
|
| 035 |
|
|
|a CL0212041
|
| 040 |
|
|
|a SNKBUCL
|b slo
|c SNKBUCL
|e AACR2
|
| 041 |
0 |
|
|a slo
|
| 044 |
|
|
|a xo
|c SK
|
| 080 |
|
|
|a 792.2
|2 1981
|
| 245 |
0 |
0 |
|a Odkazy zo záhrobia
|c F-a
|
| 300 |
|
|
|b Obr. 1.
|
| 500 |
|
|
|a Réžia P. Haspra
|
| 600 |
1 |
7 |
|a Kovačević, Dušan,
|d 1948-
|t Zberné stredisko
|2 snkbucl
|9 1226005
|
| 610 |
2 |
7 |
|a Slovenské národné divadlo.
|b Činohra
|2 snkbucl
|9 32459
|
| 650 |
0 |
7 |
|a činohry
|2 snkbucl
|9 3325
|
| 655 |
|
7 |
|a recenzie
|2 snkbucl
|9 21907
|
| 655 |
|
7 |
|a články z novín a časopisov
|2 snkbucl
|9 267496
|
| 773 |
0 |
|
|t Hlas ľudu
|g Roč. 30, č. 307 (29. 12. 1984), s. 3
|
| 850 |
|
|
|a Slovenská národná knižnica v Martine
|a MTA001
|
| 852 |
|
|
|a SNK
|b KIS3GCP
|
| 999 |
|
|
|c 2155752
|d 2157682
|